Statistiche per Vincitori pallone d'oro

Clicka qui per fare il quiz!

Statistiche generali

  • Questo quiz è stato fatto 782 volte
  • Il punteggio medio è 40 su 66

Statistiche sulle risposte

HintRisposta% Corretto
2011Messi
100%
2020Messi
100%
2019Messi
100%
2015Messi
100%
2012Messi
100%
2010Messi
100%
2009Messi
100%
2017Cristiano Ronaldo
99%
2016Cristiano Ronaldo
99%
2014Cristiano Ronaldo
99%
2013Cristiano Ronaldo
99%
2008Cristiano Ronaldo
99%
2002Ronaldo
99%
1997Ronaldo
99%
2022Benzema
94%
2018Modric
94%
2006Cannavaro
91%
2005Ronaldinho
84%
2007Kakà
83%
1989Van Basten
78%
1992Van Basten
78%
1988Van Basten
78%
1998Zidane
78%
1987Gullit
71%
1984Platini
71%
1983Platini
71%
1985Platini
71%
1993Baggio
69%
2003Nedved
68%
2001Owen
68%
2004Shevchenko
65%
1959Di Stefano
63%
1957Di Stefano
63%
1982Rossi
60%
2000Figo
58%
1972Beckenbauer
55%
1976Beckenbauer
55%
1999Rivaldo
51%
1995Weah
50%
1990Matthaus
49%
1971Cruyff
48%
1973Cruyff
48%
1974Cruyff
48%
1969Rivera
47%
1996Sammer
45%
1970Muller
43%
1965Eusebio
41%
1968Best
37%
1991Papin
36%
1961Sivori
36%
1980Rummenigge
34%
1981Rummenigge
34%
1994Stoichkov
33%
1960Suarez
33%
1966Charlton
30%
1958Kopa
27%
1956matthews
24%
1963Jashin
23%
1978Keegan
20%
1979Keegan
20%
1964Law
17%
1986Belanov
16%
1962Masopust
15%
1977Simonsen
14%
1967Albert
13%
1975Blokhin
10%

Distribuzione punteggi

Percentile per numero di risposta

Percentuale di utenti per punteggio

I tuoi punteggi nel tempo

Non hai fatto questo quiz